The Hunchback of Notre Dame's 'Hellfire' - Tony Jay (all lyrics) - Statistics

General Stats
  • This quiz has been taken 97 times
  • The average score is 162 of 199
Answer Stats
Lyric % Correct
I
100%
fire
96%
He
96%
man
96%
my
96%
a
94%
Hell
94%
The
94%
the
94%
be
92%
Be
92%
burn
92%
me
92%
am
90%
in
90%
Maria
90%
Then
90%
to
90%
God
88%
gypsy
88%
know
88%
not
88%
she
88%
sin
88%
so
88%
than
88%
will
88%
You
88%
you
88%
fault
86%
her
86%
It
86%
It's
86%
it's
86%
Of
86%
of
86%
Or
86%
or
86%
Hellfire
84%
I'm
84%
Is
84%
is
84%
made
84%
mine
84%
see
84%
tell
84%
and
82%
And
82%
devil
82%
girl
82%
hair
82%
much
82%
stronger
82%
turn
82%
Why
82%
dancing
80%
feel
80%
plan
80%
witch
80%
Desire
78%
God's
78%
Now
78%
on
78%
righteous
78%
there
78%
This
78%
this
78%
your
78%
Your
78%
blame
76%
burning
76%
Esmeralda
76%
let
76%
Like
76%
proud
76%
raven
76%
soul
76%
Beata
73%
Choose
73%
justly
73%
who
73%
alone
71%
crowd
71%
Dark
71%
cast
69%
Don't
69%
eyes
69%
fires
69%
flame
69%
have
69%
mercy
69%
Protect
69%
skin
69%
spell
69%
virtue
69%
common
67%
control
67%
Destroy
67%
out
67%
still
67%
turning
67%
all
65%
purer
65%
pyre
65%
sun
65%
taste
65%
vulgar
65%
If
63%
weak
63%
bone
61%
But
61%
caught
61%
else
61%
scorch
61%
siren
59%
blazing
57%
flesh
57%
set
53%
smouldering
49%
licentious
47%
sear
47%
No matching quizzes found
Score Distribution
Percent of People with Each Score
Percentile by Number Answered
Your Score History
You have not taken this quiz